000 01002nam a22002897a 4500
001 BR7807206
003 BR-BrBNA
005 20230928085810.0
007 ta
008 230509b bl.||||| |||| 00| 0 por d
040 _aBR-BrBNA
_bpor
_cBiblioteca Nacional de Agricultura
041 _a(Por)
072 _aC00
_b/G514
090 _ C00 BR7807206
110 1 _aEmpresa de Assistencia Tecnica e Extensao Rural do Estado do Maranhao, Sao Luis (Brasil)
_94038
245 1 _aMemoria do curso: fundamentacao teorico-praticas - modulo 2 capacitacao inicial [extensao rural, produtor rural, Maranhao, Brasil]
260 3 _aSao Luis, MA (Brasil):
_c1978.
300 _a209 p.
500 _a(*) Documento disponível no(a) Empresa de Assistencia Tecnica e Extensao Rural do Estado do Maranhao, Sao Luis (Brazil)
650 _aEXTENSAO RURAL
650 _aCURSO
650 _aRECURSO HUMANO
650 _aAGRICULTOR
650 _aMARANHAO
909 _a202309
_bLucia
_c55
_dLucia Elande
942 _cBK
999 _c26393
_d26393